Statistics for Countries With Every Vowel In Their Name

Click here to take the quiz!

General Stats

  • This quiz has been taken 30 times
  • The average score is 3 of 5

Answer Stats

Answer% Correct
Democratic Republic of the Congo
88%
United States
84%
Dominican Republic
60%
Equatorial Guinea
44%
Mozambique
44%

Score Distribution

Percentile by Number Answered

Percent of People with Each Score

Your Score History

You have not taken this quiz